Statistics for World Capital Bullseye #9

Click here to take the quiz!

General Stats

  • This quiz has been taken 109 times
  • The average score is 20 of 33

Answer Stats

Capital City% Correct
Brasilia
91%
Caracas
88%
Bogota
86%
Lima
84%
Buenos Aires
83%
Quito
83%
Sucre
81%
Santiago
77%
Georgetown
76%
Kingston
76%
Kingstown
76%
Panama City
74%
Paramaribo
73%
Asuncion
72%
Port-au-Prince
71%
Santo Domingo
62%
San Jose
62%
Nassau
56%
PORT-OF-SPAIN
51%
Castries
50%
Managua
48%
Roseau
47%
Bridgetown
45%
Dakar
44%
Saint George's
43%
Praia
42%
Rabat
41%
Banjul
37%
Madrid
37%
Nouakchott
36%
Lisbon
35%
Wellington
33%
Windhoek
21%

Score Distribution

Percentile by Number Answered

Percent of People with Each Score

Your Score History

You have not taken this quiz